Harry Potter: la Poudre d'Obscurité Instantanée du Pérou - Statistiques

Statistiques générales
  • Ce quiz a été pris 22 fois
  • Le résultat moyen est 4 sur 5
Statistiques - réponses
Information Réponses % Correct
Première apparition Harry Potter et le Prince de Sang-Mêlé
94%
Dernière apparition Harry Potter et les Reliques de la Mort
94%
Vendeur connu Weasley, Farces pour Sorciers Facétieux
78%
Utilisateur connu Drago Malefoy
61%
Utilisation Répandre l'obscurité
56%
Aucun quiz correspondant
Distribution des résultats
% des personnes avec chaque résultat
Percentile par nombre de réponses
Votre historique - résultats
Vous n’avez pas pris ce quiz